| 000 | 01390nam a2200361 c 4500 | ||
|---|---|---|---|
| 003 | BLK | ||
| 005 | 20190103131440.0 | ||
| 008 | 180409b bul|||||r ||||||| ||bul|| | ||
| 010 | _aKNG00137432000 | ||
| 020 |
_a978-954-8933-70-4 _bиздат.: Нова звезда |
||
| 040 | _aBLK | ||
| 041 |
_aBUL _cBUL |
||
| 072 | 7 |
_2bullib _aН31 _xСоциология Н |
|
| 080 |
_aСтатистиката като наука. Теория на статистиката _b311 _x(075.8) _z311(075.8) |
||
| 100 | 1 |
_aПавлова, Веселка Христова _eпърви автор _9367131 |
|
| 700 | 1 |
_aЧипева, Соня Дакова _eсъавт. _9378254 |
|
| 139 |
_aПавлова, Веселка Христова и др. _bП 13 |
||
| 245 | 1 | 0 |
_aСтатистика _cВеселка Христова Павлова; съавт. Соня Дакова Чипева. |
| 257 | _aBGR | ||
| 260 |
_аСофия _bНова звезда _c2012 |
||
| 300 |
_a364 с. _bс табл. _c24 см |
||
| 380 | _a3 | ||
| 500 | _aБиблиогр. с. 363-364. | ||
| 650 | 4 |
_aСтатистика - учебници за ВУЗ _9244587 |
|
| 653 | _aстатистика | ||
| 653 | _aучебници за ВУЗ | ||
| 659 | _aН | ||
| 852 | _aЦб 257514 | ||
| 856 | 4 |
_qpdf _u |
|
| 856 | 4 |
_qpdf _u |
|
| 942 |
_cKNG _n0 _04 |
||
| 944 |
_aCR _c17.12.2012 _lф / _kПенка_Димитрова |
||
| 944 |
_aED _c02.09.2014 _lф / _k |
||
| 999 |
_c131606 _d131606 |
||